AU LIBRARIES
Centralized Library System Across Seven Campuses

Essentials of Marketing Research (Record no. 675)

MARC details
000 -LEADER
fixed length control field 00423nam a2200157Ia 4500
005 - DATE AND TIME OF LATEST TRANSACTION
control field 20260115165743.0
008 - FIXED-LENGTH DATA ELEMENTS--GENERAL INFORMATION
fixed length control field 251127s9999 xx 000 0 und d
020 ## - INTERNATIONAL STANDARD BOOK NUMBER
ISBN 047141235X (hardcover) | 9780471412359 (hardcover)
082 ## - DEWEY DECIMAL CLASSIFICATION NUMBER
Classification number 658.83
Author Mark KUM-E
100 ## - MAIN ENTRY--AUTHOR
Author Name Kumar, V.
245 #0 - TITLE STATEMENT
Title Essentials of Marketing Research
250 ## - EDITION STATEMENT
Edition statement 2nd ed.
260 ## - PUBLICATION, DISTRIBUTION, ETC.
Place of Publication [S.l.] :
Name of publisher, distributor, etc. Wiley,
Date of publication, distribution, etc. 2005
650 ## - SUBJECT ADDED ENTRY--TOPICAL TERM
Subject / Department Management Science
942 ## - ADDED ENTRY ELEMENTS (KOHA)
Koha item type Book
Holdings
Withdrawn status Lost status Damaged status Not for loan Collection code Permanent Location Current Location Shelving Location Date acquired Inventory number Full Call Number Accession No./Barcode Koha item type
        Management Science Air University H-11 Campus Islamabad Air University H-11 Campus Islamabad Management Science 10/03/2011 687 658.83 KUM-E P8822 Book
Air University Sector E-9, Islamabad Pakistan
Email: librarian@au.edu.pk  Tel : +0092 51 9262612 Ext: 631